Statistiques concernant Wilayas en Algérie - Carte Quiz

Cliquez ici pour prendre le quiz!

Statistiques générales

  • Ce quiz a été pris 493 fois
  • Le résultat moyen est 18 sur 58

Statistiques - réponses

PopulationWilaya% Correct
2 988 145Alger
99%
1 584 607Oran
97%
912 577Béjaïa
82%
938 475Constantine
79%
609 499Annaba
76%
1 489 979Sétif
75%
1 127 608Tizi Ouzou
75%
949 135Tlemcen
73%
1 002 937Blida
61%
737 118Mostaganem
58%
1 002 088Chlef
57%
1 119 791Batna
53%
636 948Jijel
51%
721 356Biskra
49%
898 680Skikda
47%
604 744Sidi Bel Abbès
42%
399 714Adrar
40%
176 637Tamanrasset
37%
270 061Béchar
36%
695 583Bouira
36%
591 010Tipaza
36%
802 083Boumerdès
34%
784 073Mascara
33%
49 149Tindouf
32%
1 092 184Djelfa
31%
363 598Ghardaïa
28%
990 591M'Sila
27%
17 618Djanet
26%
846 823Tiaret
25%
647 548El Oued
24%
558 558Ouargla
23%
482 430Guelma
22%
648 703Tébessa
22%
766 886Mila
21%
726 180Relizane
21%
819 932Médéa
20%
330 641Saïda
20%
371 239Aïn Témouchent
16%
628 475Bordj Bou Arreridj
15%
455 602Laghouat
15%
766 013Aïn Defla
14%
192 891Naâma
13%
438 127Souk Ahras
13%
52 333Illizi
12%
386 683Khenchela
12%
122 019Timimoun
11%
621 612Oum El Bouaghi
10%
228 624El Bayadh
8%
408 414El Tarf
8%
50 392In Salah
6%
294 476Tissemsilt
5%
247 221Touggourt
4%
11 202In Guezzam
3%
174 219Ouled Djellal
3%
50 163Béni Abbès
2%
16 437Bordj Badji Mokhtar
2%
162 267El M'Ghair
1%
57 276El Meniaa
0%

Distribution des résultats

Percentile par nombre de réponses

% des personnes avec chaque résultat

Votre développement - résultats

Vous n’avez pas pris ce quiz